La regulación de los algoritmos

Saved in:
Bibliographic Details
Other Authors: Huergo Lora, Alejandro (Director), Díaz González, Gustavo Manuel (coordinador)
Format: Unknown
Language:English
Published: Cizur Menor, España, Thomson Reuters Aranzadi, 2020
Edition:Primera edición
Series:Estudios
Subjects:
Tags: Add Tag
No Tags, Be the first to tag this record!

MARC

LEADER 00000 a2200000 4500
003 CL-VaPUC
005 20230629131659.0
008 210804b2020 ||||| |||| 00| 0 eng d
999 |c 433089  |d 433087 
020 |a 978-8413450964 
040 |c Pontificia Universidad Católica de Valparaíso 
082 |a 343.0999 HUE 2020 
100 1 |a Huergo Lora, Alejandro  |9 861370  |e director 
245 1 3 |a La regulación de los algoritmos 
250 |a Primera edición  
260 |a Cizur Menor, España,  |b Thomson Reuters Aranzadi,  |c 2020 
300 |a 364 páginas  
490 |a Estudios  
583 |k Cristina Rojas  |c 20210804 
650 0 |a Informática   |9 260044  |x Derecho y legislación   |z España 
650 0 |a Derecho a la privacidad  |9 262371  |z España 
650 0 |a Algoritmos   |x Regulación   |z España   |9 260639 
700 |a Díaz González, Gustavo Manuel   |e coordinador  |9 862408 
942 |2 ddc  |c BK 
952 |0 0  |1 0  |2 ddc  |4 0  |6 343_099900000000000_HUE_2020  |7 0  |8 A  |9 578556  |a BIBDER  |b BIBDER  |d 2021-08-05  |e 3  |g 51129.00  |i 5587190  |l 2  |m 1  |o 343.0999 HUE 2020  |p 5587190  |r 2023-01-25  |s 2022-05-02  |t 1  |v 51129.00  |w 2021-08-05  |y BK  |k DER